Представление документа в формате RUSMARC

ПолеНазваниеЗначение
  Тип записи a
  Библиографический уровень m
001 Контрольный номер 93d6bdadce124732945c9ab5510cbf0f
005 Дата корректировки 20140616164824.3
010 Индекс ISBN __
a ISBN 5-8001-0034-9
200 Заглавие и сведения об ответственности 1_
a Заглавие Кадры учреждений образования,библиотек
e Сведения, относящиеся к заглавию сб.должностных и произв.инструкций
f Первые сведения об ответственности Труханович, Лилия Васильевна
210 Выходные данные 1_
a Место издания М.
c Издательство Финпресс
d Дата издания 2003
215 Физическое описание __
a Объем 160 с.
610 Ключевые слова 0_
a Ключевые слова труд
610 Ключевые слова 0_
a Ключевые слова организация труда
610 Ключевые слова 0_
a Ключевые слова кадровая служба
610 Ключевые слова 0_
a Ключевые слова кадры
610 Ключевые слова 0_
a Ключевые слова учреждения образования
610 Ключевые слова 0_
a Ключевые слова библиотеки
610 Ключевые слова 0_
a Ключевые слова инструкции
610 Ключевые слова 0_
a Ключевые слова должностные инструкции
686 Индексы других классификаций __
a Классификационный индекс 65.9(2)240
2 Код системы rubbk
686 Индексы других классификаций __
a Классификационный индекс 78.34(2)
2 Код системы rubbk
686 Индексы других классификаций __
a Классификационный индекс 74.58
2 Код системы rubbk
700 Автор _1
a Фамилия Труханович, Лилия Васильевна
801 Источник записи _0
a Страна RU
b Организация РУК
c Дата составления 20041223
g Правила каталогизации PSBO
801 Источник записи _1
a Страна RU
b Организация РУК
c Дата составления 20041223
g Правила каталогизации PSBO
852 Данные о местонахождении __
i Авторский знак Т80
j Шифр хранения ББК 65.9(2)24
901 Тип документа __
t Тип документа m
938 Служебная информация __
a Название организации Головной вуз
b Имя БД BOOK
c Название АИБС АИБС ИРБИС